[Event "Philadelphia op 18th"]
[Site "Philadelphia"]
[Date "2025.06.29"]
[Round "7"]
[White "Liang, Awonder"]
[Black "Ostrovskiy, Aleksandr A"]
[Result "1-0"]
[WhiteElo "2693"]
[BlackElo "2383"]
[PlyCount "81"]
[EventDate "2025.06.26"]
[EventType "swiss"]
[EventRounds "9"]
[EventCountry "USA"]
[SourceTitle "CB28_2025"]
[SourceDate "2025.07.09"]
[SourceVersion "1"]
[SourceVersionDate "2025.07.09"]
[SourceQuality "1"]

1. e4 c6 2. d3 d5 3. Nd2 e5 4. Ngf3 Bd6 5. g3 Nf6 6. Bg2 0-0 7. 0-0 Re8 8. b3 a5 9. a4 Nbd7 10. Bb2 b6 11. Re1 Bb7 12. Qe2 Qc7 13. Nh4 Bf8 14. Rad1 Rad8 15. h3 Bb4 16. Nf5 Ba6 17. Qe3 h6 18. g4 dxe4 19. dxe4 Nf8 20. Nf3 Bxe1 21. Rxe1 Ng6 22. g5 hxg5 23. Qxg5 Bc8 24. Bf1 Nh7 25. Qg3 Nhf8 26. Ng5 Ne6 27. h4 Nxg5 28. Qxg5 Bxf5 29. exf5 Nf4 30. f6 Ne6 31. Qg4 Rd2 32. Bxe5 Qd7 33. fxg7 f5 34. Qxf5 Qf7 35. Qxf7+ Kxf7 36. Bc4 Rxc2 37. Re4 Rc1+ 38. Kg2 Rxc4 39. Rxc4 c5 40. Rg4 Rg8 41. Kf3 1-0

[Event "Karlsruhe Grenke op"]
[Site "Karlsruhe"]
[Date "2025.04.18"]
[Round "3"]
[White "Reimann, Sebastian"]
[Black "Liang, Awonder"]
[Result "0-1"]
[WhiteElo "2346"]
[BlackElo "2692"]
[PlyCount "48"]
[EventDate "2025.04.17"]
[EventType "swiss"]
[EventRounds "9"]
[EventCountry "GER"]
[SourceTitle "CB17_2025"]
[SourceDate "2025.04.23"]
[SourceVersion "1"]
[SourceVersionDate "2025.04.23"]
[SourceQuality "1"]

1. e4 g6 2. d4 Bg7 3. Nc3 d6 4. Be3 a6 5. f3 b5 6. h4 h6 7. Qd2 Nd7 8. Nh3 Ngf6 9. g4 Nb6 10. Nf4 Nfd7 11. 0-0-0 Bb7 12. Be2 c6 13. g5 h5 14. Ng2 Qc7 15. Rdf1 c5 16. d5 Ne5 17. b3 c4 18. f4 cxb3 19. axb3 Nf3 20. Rxf3 Bxc3 21. Qd3 Rc8 22. Bd1 Nxd5 23. Bd4 Qa5 24. Bxc3 Nxc3 0-1

[Event "Wch Blitz"]
[Site "New York"]
[Date "2024.12.30"]
[Round "13"]
[White "Liang, Awonder"]
[Black "Ibarra Jerez, Jose Carlos"]
[Result "1-0"]
[WhiteElo "2687"]
[BlackElo "2556"]
[PlyCount "59"]
[EventDate "2024.12.30"]
[EventType "swiss (blitz)"]
[EventRounds "13"]
[EventCountry "USA"]
[SourceTitle "CB01_2025"]
[SourceDate "2025.01.01"]
[SourceVersion "1"]
[SourceVersionDate "2025.01.01"]
[SourceQuality "1"]

1. b3 e5 2. Bb2 Nc6 3. e3 d5 4. d3 Nf6 5. Nd2 a5 6. a3 Bc5 7. g3 0-0 8. Bg2 Re8 9. Ne2 Bf5 10. h3 h5 11. g4 hxg4 12. Ng3 Be6 13. Qe2 Qd7 14. hxg4 Bxg4 15. Bf3 Nd4 16. Bxg4 Nxg4 17. Qd1 Nc6 18. Qf3 Nh6 19. 0-0-0 Re6 20. c4 d4 21. Nde4 Bf8 22. Nf5 Kh8 23. Rdg1 Rg6 24. Nxh6 gxh6 25. Qf6+ Kg8 26. Rxg6+ fxg6 27. Qxg6+ Kh8 28. Nf6 Qg7 29. Rxh6+ Qxh6 30. Qg8# 1-0

[Event "Wch Blitz"]
[Site "New York"]
[Date "2024.12.30"]
[Round "8"]
[White "Liang, Awonder"]
[Black "Safarli, Eltaj"]
[Result "1-0"]
[WhiteElo "2687"]
[BlackElo "2610"]
[PlyCount "99"]
[EventDate "2024.12.30"]
[EventType "swiss (blitz)"]
[EventRounds "13"]
[EventCountry "USA"]
[SourceTitle "CB01_2025"]
[SourceDate "2025.01.01"]
[SourceVersion "1"]
[SourceVersionDate "2025.01.01"]
[SourceQuality "1"]

1. b3 Nf6 2. Bb2 g6 3. e4 Bg7 4. e5 Nd5 5. Qf3 Nb6 6. d4 d6 7. Nd2 Nc6 8. Bb5 0-0 9. Bxc6 bxc6 10. 0-0-0 a5 11. a4 Rb8 12. Ne2 Nd5 13. Nc4 Ba6 14. Nxa5 Qd7 15. Nc3 Nb4 16. Ba3 dxe5 17. Bxb4 Rxb4 18. Qxc6 Bc8 19. Qxd7 Bxd7 20. dxe5 Be6 21. Nc6 Rf4 22. f3 h5 23. Kb2 h4 24. h3 Ra8 25. Rhe1 Ra6 26. Rd8+ Kh7 27. Nxe7 Ra5 28. Ned5 Rf5 29. Nf6+ Kh6 30. Ng4+ Kg5 31. Re4 Rf4 32. Rg8 Bxg4 33. Rxg7 Be6 34. Rh7 Rxe4 35. Nxe4+ Kf4 36. Rxh4+ Kxe5 37. Ng5 Bd5 38. c4 Bb7 39. Nxf7+ Kf6 40. Rf4+ Ke7 41. h4 Ra8 42. Ng5 Kd6 43. Rf6+ Ke5 44. Rxg6 Kf4 45. Rg7 Re8 46. Rxc7 Ba8 47. a5 Kg3 48. a6 Kxh4 49. Ne4 Rg8 50. Rh7# 1-0

[Event "Wch Rapid"]
[Site "New York"]
[Date "2024.12.28"]
[Round "10"]
[White "Liang, Awonder"]
[Black "Lenderman, Aleksandr"]
[Result "1/2-1/2"]
[WhiteElo "2519"]
[BlackElo "2621"]
[PlyCount "66"]
[EventDate "2024.12.26"]
[EventType "swiss (rapid)"]
[EventRounds "13"]
[EventCountry "USA"]
[SourceTitle "CB01_2025"]
[SourceDate "2025.01.01"]
[SourceVersion "1"]
[SourceVersionDate "2025.01.01"]
[SourceQuality "1"]

1. a3 d5 2. Nf3 c5 3. e3 Nc6 4. b4 e6 5. Bb2 Nf6 6. b5 Na5 7. Be2 Bd6 8. g4 h6 9. d3 b6 10. Rg1 Bb7 11. h4 d4 12. e4 Nd7 13. a4 Nf8 14. h5 e5 15. c4 Ne6 16. Nbd2 Qc7 17. Nh4 0-0-0 18. Qc2 Kb8 19. 0-0-0 Rhg8 20. Kb1 g6 21. Bc1 Be7 22. Ng2 Bg5 23. Bb2 Bxd2 24. Qxd2 g5 25. Qc2 Rd6 26. Bc1 Bc8 27. Bd2 Ka8 28. Kb2 Bd7 29. Ra1 Rb8 30. Rgb1 Nd8 31. Kc1 Rf6 32. Be1 Ne6 33. f3 Nf4 1/2-1/2

[Event "Wch Rapid"]
[Site "New York"]
[Date "2024.12.26"]
[Round "1"]
[White "Liang, Awonder"]
[Black "Carlsen, Magnus"]
[Result "1/2-1/2"]
[WhiteElo "2519"]
[BlackElo "2838"]
[PlyCount "134"]
[EventDate "2024.12.26"]
[EventType "swiss (rapid)"]
[EventRounds "13"]
[EventCountry "USA"]
[SourceTitle "CB01_2025"]
[SourceDate "2025.01.01"]
[SourceVersion "1"]
[SourceVersionDate "2025.01.01"]
[SourceQuality "1"]

1. e4 e5 2. Nf3 Nc6 3. Nc3 Nf6 4. d4 exd4 5. Nxd4 Bb4 6. Nxc6 bxc6 7. Bd3 d5 8. exd5 0-0 9. 0-0 Bg4 10. Ne2 cxd5 11. h3 Bh5 12. c4 dxc4 13. Bxc4 Qe7 14. Qb3 Bxe2 15. Bxe2 Qxe2 16. Qxb4 Rfe8 17. Qb7 Qe5 18. Bd2 Reb8 19. Bc3 Rxb7 20. Bxe5 Nd5 21. Rfd1 c6 22. Rac1 f6 23. Bd4 Rd8 24. Kf1 Rbd7 25. Ke1 Nf4 26. g3 Rxd4 27. Rxd4 Rxd4 28. gxf4 Rxf4 29. Rxc6 a5 30. Kf1 Kf7 31. Rc5 a4 32. Rb5 g5 33. Kg2 Kg6 34. Rb8 Rd4 35. Rb7 h6 36. Rb6 h5 37. Rb8 Kf5 38. Rb6 Ke5 39. b3 h4 40. a3 axb3 41. Rxb3 Ra4 42. Rb5+ Ke6 43. Rb6+ Kf5 44. Rb5+ Kg6 45. Rb3 Ra5 46. Rc3 f5 47. Rb3 Kf6 48. Rc3 Kg6 49. Rb3 Kh5 50. Rc3 g4 51. hxg4+ fxg4 52. Rc8 h3+ 53. Kh2 Rf5 54. Kg1 Rb5 55. Rh8+ Kg5 56. Rg8+ Kf4 57. Rf8+ Ke4 58. Re8+ Re5 59. Rxe5+ Kxe5 60. a4 Ke4 61. a5 Kd5 62. Kh2 Kc6 63. a6 Kb6 64. f3 gxf3 65. Kxh3 f2 66. Kg2 f1R 67. Kxf1 Kxa6 1/2-1/2

[Event "Wch Rapid"]
[Site "New York"]
[Date "2024.12.26"]
[Round "2"]
[White "Nepomniachtchi, Ian"]
[Black "Liang, Awonder"]
[Result "1-0"]
[WhiteElo "2758"]
[BlackElo "2519"]
[PlyCount "107"]
[EventDate "2024.12.26"]
[EventType "swiss (rapid)"]
[EventRounds "13"]
[EventCountry "USA"]
[SourceTitle "CB01_2025"]
[SourceDate "2025.01.01"]
[SourceVersion "1"]
[SourceVersionDate "2025.01.01"]
[SourceQuality "1"]

1. e4 g6 2. d4 Bg7 3. Nc3 d6 4. Nf3 Nf6 5. Be3 a6 6. Qd2 0-0 7. Bh6 b5 8. Bd3 Bg4 9. Bxg7 Kxg7 10. e5 Nfd7 11. 0-0-0 e6 12. h4 h5 13. Qf4 Nc6 14. exd6 Rc8 15. Be2 cxd6 16. Qxd6 Nf6 17. Qxd8 Rfxd8 18. a3 Rc7 19. d5 exd5 20. Nd4 Bxe2 21. Ncxe2 Ne5 22. f3 Nc4 23. Nf4 Rdc8 24. Rhe1 Rb7 25. Re2 a5 26. Kb1 Kf8 27. Ka2 Rb6 28. Rde1 Nd6 29. Re5 Nc4 30. Re7 Nd6 31. Ra7 Rc4 32. Rd1 a4 33. c3 Kg8 34. Re1 Nf5 35. Nxf5 Rxf4 36. Nh6+ Kg7 37. Nxf7 Rxh4 38. g3 Rc4 39. Ng5+ Kh6 40. f4 Re4 41. Rd1 Re3 42. Rxd5 h4 43. g4 Re8 44. Rd1 Reb8 45. Rh1 R6b7 46. Rxh4+ Kg7 47. Ne6+ Kg8 48. Rxb7 Rxb7 49. Rh6 Rb6 50. f5 gxf5 51. Rxf6 fxg4 52. Rf8+ Kh7 53. Nf4 g3 54. Rf5 1-0

[Event "Titled Tuesday intern op 26th Nov Late"]
[Site "Chess.com INT"]
[Date "2024.11.26"]
[Round "10"]
[White "Xiong, Jeffery"]
[Black "Liang, Awonder"]
[Result "0-1"]
[WhiteElo "2636"]
[BlackElo "2687"]
[PlyCount "76"]
[EventDate "2024.11.26"]
[EventType "swiss (blitz)"]
[EventRounds "11"]
[EventCountry "USA"]
[SourceTitle "CB49_2024"]
[SourceDate "2024.12.04"]
[SourceVersion "1"]
[SourceVersionDate "2024.12.04"]
[SourceQuality "1"]

1. e4 e5 2. f4 exf4 3. Bc4 Nc6 4. d4 Qh4+ 5. Kf1 g5 6. Nc3 d6 7. Nd5 Kd8 8. c3 Nge7 9. Nf3 Qh5 10. Be2 Qg6 11. h4 f6 12. Bd3 Bg4 13. Qe2 Qf7 14. hxg5 fxg5 15. Qf2 Rg8 16. Bd2 h6 17. Re1 Nxd5 18. exd5 Ne7 19. Nh2 Bf5 20. Bc4 Nxd5 21. Kg1 c6 22. Nf1 Kc7 23. Qf3 Bg7 24. Bb3 Rae8 25. Rd1 Qe6 26. Qf2 Qe2 27. Re1 Qxf2+ 28. Kxf2 Rxe1 29. Bxe1 Re8 30. Nd2 Ne3 31. Nf3 Ng4+ 32. Kg1 Re2 33. Bd2 Be4 34. Bc1 Ne3 35. Bxe3 fxe3 36. Rh3 Rxb2 37. Ne1 e2 38. Re3 d5 0-1

[Event "USA-ch"]
[Site "Saint Louis"]
[Date "2024.10.19"]
[Round "8"]
[White "Liang, Awonder"]
[Black "Sevian, Samuel"]
[Result "1/2-1/2"]
[WhiteElo "2677"]
[BlackElo "2689"]
[PlyCount "54"]
[EventDate "2024.10.11"]
[EventType "tourn"]
[EventRounds "11"]
[EventCountry "USA"]
[EventCategory "18"]
[SourceTitle "CB43_2024"]
[Source "Chessbase"]
[SourceDate "2024.10.23"]
[SourceVersion "1"]
[SourceVersionDate "2024.10.23"]
[SourceQuality "1"]

1. e4 e6 2. d4 d5 3. exd5 exd5 4. Nf3 Nf6 5. Bd3 Bd6 6. 0-0 0-0 7. Re1 Bg4 8. Bg5 Nbd7 9. Nbd2 c6 10. c3 Qc7 11. Qc2 Rfe8 12. h3 Bh5 13. Rxe8+ Rxe8 14. Re1 Rxe1+ 15. Nxe1 a5 16. a4 Bg6 17. Nef3 Kf8 18. Nh4 Bxd3 19. Qxd3 Bf4 20. Bxf4 Qxf4 21. g3 Qd6 22. Kg2 g6 23. Nhf3 Nb6 24. Qc2 Nbd7 25. Qd3 Nb6 26. Qc2 Nbd7 27. Qd3 Nb6 1/2-1/2

[Event "USA-ch"]
[Site "Saint Louis"]
[Date "2024.10.13"]
[Round "3"]
[White "Aronian, Levon"]
[Black "Liang, Awonder"]
[Result "0-1"]
[WhiteElo "2738"]
[BlackElo "2677"]
[PlyCount "194"]
[EventDate "2024.10.11"]
[EventType "tourn"]
[EventRounds "11"]
[EventCountry "USA"]
[EventCategory "18"]
[SourceTitle "CB43_2024"]
[Source "Chessbase"]
[SourceDate "2024.10.23"]
[SourceVersion "1"]
[SourceVersionDate "2024.10.23"]
[SourceQuality "1"]

1. e4 e5 2. Nf3 Nc6 3. Bb5 a6 4. Ba4 Nf6 5. 0-0 Be7 6. d3 b5 7. Bb3 d6 8. a3 0-0 9. Nc3 Bb7 10. Bg5 Qd7 11. Re1 Rfe8 12. Ba2 h6 13. Bxf6 Bxf6 14. Nd5 Bd8 15. c3 Ne7 16. Ne3 Ng6 17. Qc2 Bf6 18. Rad1 Nf4 19. g3 Qh3 20. Kh1 Qh5 21. Ng1 Ne6 22. f3 Rad8 23. Qf2 Bg5 24. d4 Bxe3 25. Rxe3 exd4 26. cxd4 d5 27. e5 c5 28. Ne2 Rc8 29. Nf4 Nxf4 30. gxf4 cxd4 31. Red3 Rc4 32. Rg1 Re6 33. Bb1 Rec6 34. Rdd1 d3 35. f5 Rf4 36. Bxd3 Qxf3+ 37. Qxf3 Rxf3 38. f6 g5 39. Rge1 Rf2 40. Kg1 Rxb2 41. Rc1 Rb3 42. e6 fxe6 43. Bg6 Rxc1 44. Rxc1 Rf3 45. Rc7 Rxf6 46. Bh7+ Kf8 47. Rxb7 Rf7 48. Rb8+ Kg7 49. Bd3 Rf3 50. Be2 Rxa3 51. Bg4 Kf6 52. Rb6 Ke5 53. Bxe6 Rf3 54. Bg8 Rf6 55. Rb8 Kd4 56. Rd8 Rf5 57. Ra8 Rf6 58. Rd8 Kc3 59. Rxd5 b4 60. Rc5+ Kb2 61. Kg2 b3 62. Ra5 Kc3 63. Ra3 Rb6 64. Kf2 h5 65. Ke2 g4 66. Ra4 Kc2 67. Bf7 Rc6 68. Bd5 Rd6 69. Rc4+ Kb2 70. Bf7 Ka3 71. Rc1 Rf6 72. Bd5 Rd6 73. Bf7 Rf6 74. Bd5 Rf5 75. Bg8 a5 76. Kd3 a4 77. Bh7 Rf2 78. Kc3 Rf3+ 79. Kc4 Rf7 80. Ra1+ Kb2 81. Rb1+ Ka2 82. Bg6 Rf6 83. Bh7 Rf7 84. Bg6 Rf4+ 85. Kc3 Rf6 86. Bh7 Rf7 87. Bg6 Rg7 88. Bf5 Rc7+ 89. Kb4 b2 90. Re1 Rc1 91. Re3 b1Q+ 92. Bxb1+ Kxb1 93. Kxa4 Kc2 94. Kb4 Kd2 95. Re5 h4 96. Re4 Rg1 97. Kc4 h3 0-1

[Event "USA-ch"]
[Site "Saint Louis"]
[Date "2024.10.11"]
[Round "1"]
[White "Shankland, Samuel L"]
[Black "Liang, Awonder"]
[Result "1/2-1/2"]
[WhiteElo "2677"]
[BlackElo "2677"]
[PlyCount "69"]
[EventDate "2024.10.11"]
[EventType "tourn"]
[EventRounds "11"]
[EventCountry "USA"]
[EventCategory "18"]
[SourceTitle "CB43_2024"]
[Source "Chessbase"]
[SourceDate "2024.10.23"]
[SourceVersion "1"]
[SourceVersionDate "2024.10.23"]
[SourceQuality "1"]

1. d4 d5 2. c4 e6 3. Nf3 Nf6 4. g3 c5 5. Bg2 cxd4 6. 0-0 Be7 7. cxd5 Nxd5 8. Nxd4 0-0 9. Nc3 Nxc3 10. bxc3 e5 11. Nc2 Nc6 12. Ne3 Be6 13. Qa4 Bc5 14. Rb1 Bxe3 15. Bxe3 Qc7 16. Rfd1 Rac8 17. c4 h6 18. h4 Rfd8 19. Bd5 Re8 20. Rd2 b6 21. Rbd1 Bf5 22. c5 bxc5 23. Bxc5 Red8 24. g4 Nd4 25. Bxd4 Rxd5 26. gxf5 exd4 27. f6 Rf5 28. fxg7 Rxf2 29. Kxf2 Qf4+ 30. Kg2 Qg4+ 31. Kf1 Qf4+ 32. Kg2 Qg4+ 33. Kf1 Qf4+ 34. Kg2 Qg4+ 35. Kf1 1/2-1/2

[Event "Washington op 11th"]
[Site "Rockville"]
[Date "2024.08.10"]
[Round "1"]
[White "Liang, Awonder"]
[Black "Andersen, Gunnar James"]
[Result "1-0"]
[WhiteElo "2666"]
[BlackElo "2210"]
[PlyCount "51"]
[EventDate "2024.08.10"]
[EventType "swiss"]
[EventRounds "9"]
[EventCountry "USA"]
[SourceTitle "EXT 2025"]
[Source "ChessBase"]
[SourceDate "2024.10.14"]
[SourceVersion "1"]
[SourceVersionDate "2024.10.14"]
[SourceQuality "1"]

1. e4 c5 2. Nf3 Nc6 3. Bb5 e6 4. 0-0 Nge7 5. Re1 b6 6. Ba4 a6 7. c3 b5 8. Bc2 Bb7 9. d4 cxd4 10. cxd4 Nb4 11. Bb3 a5 12. Nc3 a4 13. Nxb5 Qb6 14. Bxa4 Ba6 15. Nc3 Ng6 16. Re3 Be7 17. d5 exd5 18. a3 d4 19. Nxd4 Nc6 20. Nxc6 dxc6 21. Nd5 Qb7 22. Rb3 Qd7 23. Qc2 Ne5 24. Bf4 Bc4 25. Bxe5 Bxb3 26. Qxb3 1-0

[Event "Titled Tuesday intern op 06th Aug Late"]
[Site "Chess.com INT"]
[Date "2024.08.06"]
[Round "1"]
[White "Siniauski, Artsiom"]
[Black "Liang, Awonder"]
[Result "0-1"]
[WhiteElo "2185"]
[BlackElo "2666"]
[PlyCount "130"]
[EventDate "2024.08.06"]
[EventType "swiss (blitz)"]
[EventRounds "11"]
[EventCountry "USA"]
[SourceTitle "EXT 2025"]
[Source "ChessBase"]
[SourceDate "2024.10.14"]
[SourceVersion "1"]
[SourceVersionDate "2024.10.14"]
[SourceQuality "1"]

1. e4 b6 2. d4 Bb7 3. Bd3 e6 4. Nf3 Nf6 5. Qe2 d5 6. e5 Nfd7 7. 0-0 c5 8. c3 Nc6 9. a3 Be7 10. b4 c4 11. Bc2 Qc7 12. Bg5 Bf8 13. Nbd2 h6 14. Bh4 g5 15. Bg3 0-0-0 16. h4 Be7 17. h5 Kb8 18. Nh2 Ka8 19. Ng4 Rdf8 20. f4 Qd8 21. f5 Qe8 22. Rf2 Bd8 23. Raf1 b5 24. a4 a6 25. axb5 axb5 26. Nb1 Bb6 27. Na3 Ba6 28. Qd2 Kb7 29. Bb1 Nd8 30. Nc2 f6 31. exf6 Nxf6 32. Nxf6 Rxf6 33. Be5 Rhf8 34. Bxf6 Rxf6 35. fxe6 Rxe6 36. Rf8 Qxh5 37. Ne3 Bc7 38. g4 Qh3 39. R8f3 Qh4 40. Nxd5 Qxg4+ 41. Qg2 Qxg2+ 42. Kxg2 Bd6 43. Rf6 Kc6 44. Rxe6 Nxe6 45. Be4 Kd7 46. Nf6+ Ke7 47. Ng4 h5 48. Ne5 Nf4+ 49. Kf3 Bxe5 50. dxe5 Ke6 51. Ra1 Bc8 52. Ra8 Bd7 53. Ra7 Be8 54. Rg7 Nh3 55. Kg3 g4 56. Rg8 Bf7 57. Ra8 Ng1 58. Rb8 Ne2+ 59. Kh4 Nxc3 60. Bc6 Kxe5 61. Bxb5 Nxb5 62. Rxb5+ Kd4 63. Rc5 c3 64. Rc7 Bc4 65. Kxh5 c2 0-1